Science Quiz

Random Science or Animal Quiz

Animals by Body Prints Quiz Stats

 Plays Quiz Updated Jan 10, 2015

Support Sporcle.
Go Orange.
Score 0/16 Timer 04:00
0 Plays Today
% Correct
Zebra
99.4%
Tiger
98.2%
Python
97.6%
Elephant
97.5%
Giraffe
96.8%
Peacock
96.2%
Monarch Butterfly
94.4%
Octopus
93%
% Correct
Human
91.7%
Leopard
91.6%
Cheetah
88.3%
Chameleon
83.6%
Rhinoceros
82.8%
Alligator
80.4%
Clown Fish
78%
Armadillo
48.2%

You're not logged in!

Compare scores with friends on all Sporcle quizzes.
OR
Log In

From the Vault

Video Game Villains

by Miamisubs

In the words of Wreck-It Ralph: 'I'm bad, and that's good. I will never be good, and that's not bad.'
Remove Ads.
Support Sporcle.
Get the best of Sporcle when you Go Orange. This ad-free experience offers more features, more stats, and more fun while also helping to support Sporcle. Thank you for becoming a member.

Show Comments

Extras

Top Quizzes Today


Score Distribution

Your Account Isn't Verified!

In order to create a playlist on Sporcle, you need to verify the email address you used during registration. Go to your Sporcle Settings to finish the process.

Report this User

Report this user for behavior that violates our Community Guidelines.

Details: